| 000 | 03853nam a2200265 4500 | ||
|---|---|---|---|
| 003 | NALT | ||
| 005 | 20260216141353.0 | ||
| 008 | 260211b th ||||| |||| 00| 0 tha d | ||
| 040 | _aNALT | ||
| 090 | _aELR 203/2 2567 | ||
| 100 | 0 |
_aสมปรารถนา กลางณรงค์. _967392 |
|
| 245 | 1 | 0 |
_aคู่มือแนวทางสำหรับการจัดทำเอกสารประกอบ/สนับสนุนการเป็นเจ้าภาพจัดการประชุมประจำปีรัฐสภาภาคพื้นเอเชียและแปซิฟิก (APPF) / _cสมปรารถนา กลางณรงค์. |
| 246 | 3 | 0 | _aผลงานที่เป็นข้อเสนอแนวคิดในการปรับปรุงหรือพัฒนางาน. |
| 260 |
_aกรุงเทพฯ : _bสำนักงานเลขาธิการสภาผู้แทนราษฎร, _c2567. |
||
| 300 |
_a59 หน้า : _bตาราง, แผนภูมิ ; _c30 ซม. |
||
| 505 | 2 | _aบทที่ 1 บทนำ -- 1.1 ความเป็นมาและความสำคัญของปัญหา -- 1.2 วัตถุประสงค์ของการศึกษา -- 1.3 ขอบเขตของการศึกษา -- 1.4 วิธีการศึกษา -- 1.5 นิยามศัพท์เฉพาะ -- 1.6 ประโยชน์ที่่ได้รับ -- บทที่ 2 แนวคิด และทฤษฎี -- 2.1 แนวคิด/ทฤษฎี -- บทที่ 3 วิธีการศึกษา -- 3.1 วิธีการศึกษา -- 3.2 ขั้นตอนการศึกษา -- 3.3 วิธีการเก็บข้อมูล -- บทที่ 4 ผลการศึกษา -- 4.1 ผลการศึกษาและเพิ่มพูนข้อมูลความรู้เกี่ยวกับการจัดทำเอกสารและสารัตถะประเภทต่าง ๆ ของการประชุมประจำปีรัฐสภาภาคพื้นเอเชียและแปซิฟิก -- 4.2 ผลการศึกษาการวิเคราะห์สภาพการจัดทำเอกสารและสารัตถะของการประชุมประจำปีรัฐสภาภาคพื้นเอเชียและแปซิฟิก -- 4.3 ผลการศึกษาเพื่อจัดทำคู่มือมาตรฐานในการจัดเตรียมเอกสารการประชุมประจำปีรัฐสภาภาคพื้นเอเชีและแปซิฟิก -- บทที่ 5 สรุปผลการศึกษา อภิปรายผล และข้อเสนอแนะ -- 5.1 สรุปผลการศึกษา -- 5.2 การอภิปรายผล -- 5.3 ข้อเสนอแนะ. | |
| 611 | 4 |
_aการประชุมรัฐสภาภาคพื้นเอเชียและแปซิฟิก _918715 |
|
| 653 | 4 | _aการประชุมประจำปีรัฐสภาภาคพื้นเอเชียและแปซิฟิก -- เอกสารการประชุม | |
| 653 | 4 | _aรัฐสภาภาคพื้นเอเชียและแปซิฟิก | |
| 942 |
_2local _cIS |
||
| 996 |
_ajidapa.t _bACQSTF _c2026-02-11 |
||
| 996 |
_avaree.k _bLIBSTF _c2026-02-13 |
||
| 996 |
_asaiphon.d _bCATSTF _c2026-02-16 |
||
| 999 |
_c107772 _d107772 |
||
| 998 |
_j104 _k นางสาวสายฝน ดีงาม |
||